000 00352nam a2200145Ia 4500
008 210716s1993 xx 000 0 und d
041 _aeng
082 _a005.133 ABOS
100 _aAboirous, Sam A.
245 _aLearn c in three days.
250 _a1
260 _aNew Delhi
_bBPB Publications
_c1993
300 _aix,189
650 _aC Programming
999 _c182525
_d182525